Флуориметрическое определение пищевых красителей понсо 4r (е-124) и кармуазина (е-122) в безалкогольных напитках; Аналитика Сибири и Дальнего Востока

التفاصيل البيبلوغرافية
Parent link:Аналитика Сибири и Дальнего Востока.— 2016.— [С. 107]
المؤلف الرئيسي: Булычева Е. В. Елизавета Владимировна
مؤلف مشترك: Национальный исследовательский Томский политехнический университет (ТПУ) Институт природных ресурсов (ИПР) Кафедра физической и аналитической химии (ФАХ)
مؤلفون آخرون: Николаева А. А. Алёна Андреевна, Короткова Е. И. Елена Ивановна
الملخص:Заглавие с экрана
اللغة:الروسية
منشور في: 2016
سلاسل:Анализ важнейших реальных объектов
الموضوعات:
الوصول للمادة أونلاين:http://konf.asu.ru/asdv/download_file.php?s=asdv&f=materialy_konferencii_analitika_sibiri.pdf
التنسيق: MixedMaterials الكتروني فصل الكتاب
KOHA link:https://koha.lib.tpu.ru/cgi-bin/koha/opac-detail.pl?biblionumber=650958

MARC

LEADER 00000naa0a2200000 4500
001 650958
005 20250903094105.0
035 |a (RuTPU)RU\TPU\network\16207 
090 |a 650958 
100 |a 20161027d2016 k y0rusy50 ca 
101 0 |a rus 
102 |a RU 
135 |a drcn ---uucaa 
181 0 |a i  
182 0 |a b 
200 1 |a Флуориметрическое определение пищевых красителей понсо 4r (е-124) и кармуазина (е-122) в безалкогольных напитках  |f Е. В. Булычева, А. А. Николаева, Е. И. Короткова 
203 |a Текст  |c электронный 
225 1 |a Анализ важнейших реальных объектов 
300 |a Заглавие с экрана 
463 |t Аналитика Сибири и Дальнего Востока  |o материалы X Всероссийской научной конференции с международным участием, 12-17 сентября 2016 г., Барнаул, Алтайский край  |f Алтайский государственный университет (АлтГУ)  |v [С. 107]  |d 2016 
610 1 |a электронный ресурс 
610 1 |a труды учёных ТПУ 
610 1 |a флуориметрия 
610 1 |a пищевые красители 
610 1 |a безалкогольные напитки 
700 1 |a Булычева  |b Е. В.  |c химик  |c инженер Томского политехнического университета, аспирант  |f 1989-  |g Елизавета Владимировна  |3 (RuTPU)RU\TPU\pers\30481 
701 1 |a Николаева  |b А. А.  |c химик  |c инженер Томского политехнического университета  |f 1989-  |g Алёна Андреевна  |3 (RuTPU)RU\TPU\pers\37464 
701 1 |a Короткова  |b Е. И.  |c химик  |c профессор Томского политехнического университета, доктор химических наук  |f 1965-  |g Елена Ивановна  |3 (RuTPU)RU\TPU\pers\27109  |9 12659 
712 0 2 |a Национальный исследовательский Томский политехнический университет (ТПУ)  |b Институт природных ресурсов (ИПР)  |b Кафедра физической и аналитической химии (ФАХ)  |3 (RuTPU)RU\TPU\col\18656 
801 2 |a RU  |b 63413507  |c 20161027  |g RCR 
856 4 |u http://konf.asu.ru/asdv/download_file.php?s=asdv&f=materialy_konferencii_analitika_sibiri.pdf 
942 |c CF